00430nam a2200157Ia 450000500170000000800410001702000180005804000160007608200170009210000170010924500410012626000340016730000140020154600120021565000450022720240913102728.0231207s9999 xx 000 0 und d a9780240808345 cNCA Library a780.267bHAN aHanson, Matt 0aReinventing music videocMatt Hanson bFocal PressaBurlingtonc2006 a176pbill aEnglish aMusic video, Music directors, Multimedia